Service charges,"Daejan" and claims in restitution (Record no. 73805)

MARC details
000 -LEADER
fixed length control field 01932cam a2200277 4500
001 - CONTROL NUMBER
control field ABS67284
008 - FIXED-LENGTH DATA ELEMENTS--GENERAL INFORMATION
fixed length control field 031118n2003 000 0 eng u
035 ## - SYSTEM CONTROL NUMBER
System control number (Sirsi) u124367
100 ## - MAIN ENTRY--PERSONAL NAME
Personal name Roberts, N.
245 ## - TITLE STATEMENT
Title Service charges,"Daejan" and claims in restitution
260 ## - PUBLICATION, DISTRIBUTION, ETC.
Date of publication, distribution, etc. 2003
490 ## - SERIES STATEMENT
Series statement Conveyancer and Property Lawyer
Volume/sequential designation (67) September/October 2003, 380-397(18)
520 ## - SUMMARY, ETC.
Summary, etc. After considering the background in statutory provision and case law to service charge disputes, thisarticle attempts to explore the interface between service charge disputes and claims for repayment under the law of restitution. Makes extensive reference to "R v London LVT ex p Daejan Properties Ltd" (CA, Abs64698) which was concerned with the jurisdiction of Leasehold Valuation Tribunals. The Landlord and Tenant Act 1985 s27A later the Commonhold and Leasehold Reform Act s155 defines the jurisdiction of the Leasehold Valuation Tribunals with regards to service charge disputes. Considers "Nurdin and Peacock plc v D B Ramsden and Co Ltd" (ChD, Abs60331) in connection with the law of restitution pre and post "Kleinwort Benson Ltd v Lincoln City Council"(HL, Abs60152). Discusses statutory restitution with regards to the Rent Act 1977. Concludes with comments on the current position post-enactment of s27A of the 1985 Act and questions whether a leasehold valuation tribunal can order a payment in restitution.
590 ## - LOCAL NOTE (RLIN)
Local note ABS
650 ## - SUBJECT ADDED ENTRY--TOPICAL TERM
Topical term or geographic name entry element SERVICE CHARGES
650 ## - SUBJECT ADDED ENTRY--TOPICAL TERM
Topical term or geographic name entry element RESTITUTION
650 ## - SUBJECT ADDED ENTRY--TOPICAL TERM
Topical term or geographic name entry element LANDLORD AND TENANT ACT 1985
650 ## - SUBJECT ADDED ENTRY--TOPICAL TERM
Topical term or geographic name entry element COMMONHOLD AND LEASEHOLD REFORM ACT 2002
650 ## - SUBJECT ADDED ENTRY--TOPICAL TERM
Topical term or geographic name entry element R V LONDON LVT EX P DAEJAN PROPERTIES LTD
650 ## - SUBJECT ADDED ENTRY--TOPICAL TERM
Topical term or geographic name entry element NURDIN AND PEACOCK PLC V D B RAMSDEN AND CO LTD
650 ## - SUBJECT ADDED ENTRY--TOPICAL TERM
Topical term or geographic name entry element KLEINWORT BENSON LTD V LINCOLN CITY COUNCIL AND OTHERS
650 ## - SUBJECT ADDED ENTRY--TOPICAL TERM
Topical term or geographic name entry element STATUTORY RESTITUTION
650 ## - SUBJECT ADDED ENTRY--TOPICAL TERM
Topical term or geographic name entry element LANDLORD AND TENANT ACT 1985 S27A
690 ## - LOCAL SUBJECT ADDED ENTRY--TOPICAL TERM (OCLC, RLIN)
Topical term or geographic name as entry element PROPERTY AND LAND LAW-CASE LAW
942 ## - ADDED ENTRY ELEMENTS (KOHA)
Suppress in OPAC 0
Holdings
Withdrawn status Lost status Source of classification or shelving scheme Damaged status Not for loan Home library Current library Shelving location Date acquired Total Checkouts Full call number Barcode Date last seen Copy number Price effective from Koha item type
    Dewey Decimal Classification     London London Journal article 18/11/2003   ABS67284 124367-1001 06/08/2019 1 06/08/2019 Journal article